Music Quiz

Random Music Quiz

I am Changing Lyrics Quiz Stats

 Plays Quiz not verified by Sporcle

Score 0/221 Timer 10:00
0 Plays Today
lyrics lyrics % Correct
look
100%
at
100%
me
100%
look
100%
at
100%
me
100%
i
100%
am
100%
changing
100%
trying
100%
every
100%
way
100%
i
100%
can
100%
i
100%
am
100%
changing
100%
i'll
100%
be
100%
better
100%
i
100%
than
100%
am
100%
i'm
100%
trying
100%
to
100%
find
100%
a
100%
way
100%
to
100%
understand
100%
but
100%
i
100%
need
100%
you
100%
i
100%
need
100%
you
100%
i
100%
need
100%
a
100%
hand
100%
i
100%
am
100%
changing
100%
so
100%
i
100%
am
100%
changing
100%
to
100%
start
100%
now
100%
i'm
100%
to
100%
work
100%
it
100%
out
100%
but
100%
i
100%
need
100%
you
100%
i
100%
need
100%
a
100%
hand
100%
all
100%
of
100%
my
100%
life
100%
i've
100%
been
100%
a
100%
fool
100%
who
100%
lyrics lyrics % Correct
said
100%
i
100%
could
100%
do
100%
it
100%
on
100%
my
100%
own
100%
how
100%
many
100%
good
100%
friends
100%
have
100%
i
100%
already
100%
lost?
100%
how
100%
many
100%
have
100%
i
100%
known?
100%
that
100%
there
100%
was
100%
nothing
100%
to
100%
find
100%
all
100%
of
100%
could
100%
make
100%
a
100%
but
100%
now
100%
i
100%
can
100%
see
100%
i
100%
am
100%
changing
100%
trying
100%
every
100%
way
100%
i
100%
can
100%
i
100%
am
100%
changing
100%
i'll
100%
be
100%
better
100%
than
100%
i
100%
am
100%
but
100%
i
100%
need
100%
a
100%
friend
100%
to
100%
help
100%
me
100%
start
100%
all
100%
over
100%
again
100%
oh
100%
that
100%
would
100%
be
100%
just
100%
fine
100%
i
100%
know
100%
lyrics lyrics % Correct
its
100%
gonna
100%
work
100%
out
100%
this
100%
time
100%
cause
100%
this
100%
time
100%
i
100%
am
100%
this
100%
time
100%
i
100%
am
100%
changing
100%
im
100%
my
100%
life
100%
together
100%
now
100%
i
100%
am
100%
changing
100%
yes
100%
i
100%
know
100%
how
100%
i'm
100%
gonna
100%
start
100%
again
100%
i'm
100%
gonna
100%
leave
100%
my
100%
past
100%
i'll
100%
change
100%
my
100%
life
100%
i'll
100%
make
100%
a
100%
vow
100%
and
100%
nothing
100%
is
100%
gonna
100%
stop
100%
me
100%
now
100%
seeing
66.7%
everything
66.7%
clear
66.7%
going
66.7%
right
66.7%
right
66.7%
here
66.7%
hoping
66.7%
dark
66.7%
nights
66.7%
walking
66.7%
down
66.7%
road
66.7%
those
66.7%
years
66.7%
darkness
66.7%
person
66.7%
blind
66.7%
getting
66.7%
behing
66.7%
wrong
33.3%

You're not logged in!

Compare scores with friends on all Sporcle quizzes.
OR
Log In

Show Comments

Extras

Created Aug 19, 2015SourceReportNominate
Tags:changing

Top Quizzes Today


Score Distribution

Your Account Isn't Verified!

In order to create a playlist on Sporcle, you need to verify the email address you used during registration. Go to your Sporcle Settings to finish the process.

Report this User

Report this user for behavior that violates our Community Guidelines.

Details: